Statistiques concernant Football par lettre - L

Cliquez ici pour prendre le quiz!

Statistiques générales

  • Ce quiz a été pris 281 fois
  • Le résultat moyen est 7 sur 13

Statistiques - réponses

IndicesSolutions% Correct
Champion de France 2020-2021Lille
95%
Il est le plus sélectionné et le meilleur buteur de l'histoire de la PologneLewandowski
92%
Ciro Immobile est le meilleur buteur de l'histoire de ce club Lazio
90%
Joueur qui a reçu le plus de fois le brassard de capitaine en Équipe de France
Lloris
84%
Ian Callaghan est le joueur le plus capé de l'histoire de ce clubLiverpool
65%
97 sélections en Équipe de France entre 1992 et 2004Lizarazu
61%
Joueur finlandais ayant remporté la Ligue des Champions 1995 avec l'Ajax et se hisse à la 3ème place du Ballon d'Or cette année làLitmanen
50%
Joueur suédois vainqueur de la Ligue des Champions 2006 avec BarceloneLarsson
49%
Les CèdresLiban
45%
Lone StarsLiberia
29%
Numéro 13 du Real Madrid (saison 2021-2022)Lunin
25%
Brondby -> Lazio -> Juventus -> Barcelone -> Real Madrid -> Vissel Kobe -> Ajax AmsterdamLaudrup
24%
Les Lions RougesLuxembourg
14%

Distribution des résultats

Percentile par nombre de réponses

% des personnes avec chaque résultat

Votre développement - résultats

Vous n’avez pas pris ce quiz